| 000 | | | 05816nbc1a2200301 x 450 |
| 001 | | | c93bb294-de22-4ff8-be5d-c10c36992ead |
| 005 | | | 20250403115636.0 |
| 100 | ## | $a | 20250403l19171927k###0rusy50 ca |
| 101 | 0# | $a | rus |
| 102 | ## | $a | CZ |
| 122 | 2# | $a | d1917###### |
| | $a | d1927###### |
| 200 | 1# | $a | Коллекция документов Колчака Александра Васильевича. Из собраний Русского заграничного архива |
| | $j | 1917-1927 |
| 215 | ## | $a | 10 единиц хранения |
| 251 | ## | $a | 1 опись |
| | $c | Фонд |
| 300 | ## | $a | Название фонда также: Колчак Александр Васильевич, адмирал, глава Российского правительства |
| 300 | ## | $a | Часть документов фонда поступила в архив в составе бывшего Русского Заграничного Исторического Архива в 1946 г., часть документов присоединена из россыпи в 1947, 1987 и 1992 гг. Материалы А. В. Колчака имеются также в Гуверовском институте войны, революции и мира при Стэнфордском университете (США) |
| 327 | ## | $a | В фонде представлены: черновики писем А. В. Колчака к А. В. Тимиревой за 22 февраля - 16 марта 1917 г. (2 дела с рукописными записями адмирала, 2 дела с машинописными копиями записей); письмо А. В. Колчака к А. В. Тимиревой от 29 апреля 1918 г. (на оборотной странице письма - черновик обращения А. В. Колчака к сербским солдатам); письмо А. В. Тимиревой А. В. Колчаку от 29 сентября 1917 г. (машинописная копия), записка А. В. Колчака начальнику штаба Сибирской Армии [1919]. Документы о передаче А. Н. Апушкиным материалов А. В. Колчака Русскому заграничному историческому архиву |
| 330 | ## | $a | Колчак А. В. (1873 (по другим данным 1874) - 1920), адмирал (с ноября 1918), окончил Морской кадетский корпус (1894), полярный исследователь (экспедиции 1900-1903 и 1908–1911), участник русско-японской и первой мировой войн, командующий Черноморским флотом (1916–1917). После Февральской революции отозван в Петроград и выехал в командировку в Великобританию и США. В октябре 1918 г. прибыл в Омск, 4 ноября 1918 г. вошел в состав Уфимской Директории как военный и морской министр. В результате переворота 18 ноября стал Верховным Правителем Российского государства. В 1918–1919 гг. руководил борьбой против войск Советской России в Сибири, на Урале и Дальнем Востоке. Потерпел поражение и в январе 1920 г. сложил с себя звание Верховного правителя, передав его А. И. Деникину. 15 января 1920 г. на ст. Иннокентьевская (около Иркутска) выдан белочехами "Политическому центру", затем передан Иркутскому ВРК, по постановлению которого расстрелян 7 февраля 1920 г. на берегу реки Ушаковка |
| 517 | 1# | $a | Колчак Александр Васильевич, адмирал, глава Российского правительства |
| 600 | #1 | $2 | nlr_sh |
| | $3 | RU\NLR\AUTH\66390777 |
| | $a | Колчак |
| | $b | А.В. |
| | $g | Александр Васильевич |
| | $f | 1874 - 1920 |
| | $j | Архивные фонды |
| 686 | ## | $a | 63.3(2)53-8 |
| | $v | LBC/M |
| | $2 | rubbk |
| 700 | #1 | $3 | RU\NLR\AUTH\7752269 |
| | $a | Колчак |
| | $b | А. В. |
| | $f | 1874-1920 |
| | $g | Александр Васильевич |
| 712 | 02 | $3 | RU\NLR\AUTH\8816199 |
| | $a | Русский заграничный исторический архив |
| | $c | Прага |
| | $4 | 570 |
| 801 | #0 | $a | RU |
| | $b | ПБ им. Б.Н. Ельцина |
| | $c | |
| 801 | #1 | $a | RU |
| | $b | ПБ им. Б.Н. Ельцина |
| | $c | |
| | $2 | rusmarc |
| 801 | #2 | $a | RU |
| | $b | ПБ им. Б.Н. Ельцина |
| | $c | 20250403 |
| | $g | RCR |
| | $2 | rusmarc |
| 850 | ## | $a | Государственный архив Российской Федерации |
| 852 | ## | $a | ГА РФ |
| | $j | Р5844 |
| 035 | ## | $a | LIBNET\0001465164 |
| 937 | ## | $d | 196514555 |
| | $h | ПБ |
| 856 | 4# | $u | http://readingroom.main.prlib.ru/item.aspx?id_node=n196514555&mode=full |